Statistics for EU4 dynasties

Click here to take the quiz!

General Stats

  • This quiz has been taken 79 times
  • The average score is 7 of 12

Answer Stats

HintAnswer% Correct
Austriavon Habsburg
97%
EnglandLancaster
72%
Castille, Aragonde Trastámara
69%
France, OrleansValois
69%
Florencede' Medici
68%
TimuridsTimurid
68%
Muscovy, OdoyevRurikovich
66%
Brandenburgvon Hohenzollern
63%
OttomansOsmanoglu
59%
Denmark, MunichWittelsbach
55%
LithuaniaJagiellon
48%
GotlandGryf
10%

Score Distribution

Percentile by Number Answered

Percent of People with Each Score

Your Score History

You have not taken this quiz